Othello, le roi Lear, Macbeth

保存先:
書誌詳細
第一著者: Shakespeare, William
フォーマット: 図書
言語:Undetermined
出版事項: París, Francia Garnier-Flammarion 1964
主題:
タグ: タグ追加
タグなし, このレコードへの初めてのタグを付けませんか!

MARC

LEADER 00000nam a2200000Ia 4500
008 170316s9999 xx 000 0 und d
040 |a cru BVZT 
090 |a 820 S-5o 
100 |a Shakespeare, William 
245 |a Othello, le roi Lear, Macbeth 
260 |a París, Francia 
260 |b Garnier-Flammarion 
260 |c 1964 
300 |a 318 páginas 
650 |a LITERATURA INGLESA 
999 |c 7162  |d 7162 
942 |c 15 D  |h 820 S-5o  |2 z